00758nam a2200241 a 4500001000800000005001700008008004100025010001700066020002200083040001800105041000800123043002100131080001900152082002300171100000600194101000800200245007700208504003900285906004500324942001200369999001700381952011800398238940420180221085408.0851125s1986 iaua b 001 0 eng  a 85082371  a0840338538 (pbk.) aDLCcDLCdDLC aeng an-usc--an-use-- a633.200974 SMI00a633.200974 SMI2191 a9 aMJE10aForage management /cDale Smith, Raymond J. Bula, Richard P. Walgenbach. aIncludes bibliographies and index. a7bcbccorignewd3eopcnf19gy-gencatlg 2ddccBK c43075d43075 00102udc40708PËKGa002b002cPËKGd2018-02-21l0o633.200974 SMIp002-2999459r2018-02-21w2018-02-21yBK